000
00307nam a22001217a 4500
040
_c
HS
082
_a
658
100
_a
អ៊ុន ប៊ុនលាង
245
_a
Mathematical methods for business and economics
260
_a
NA
_b
អ៊ុន ប៊ុនលាង
_c
NA
300
_a
384p;
942
_c
EK
999
_c
9946
_d
9946